000 00959cam a22002655a 4500
001 15818644
005 20250516112437.0
008 090715s2011 at a b 000 0 eng
010 _a 2009932701
020 _a9781439046944 (pbk. : student ed.)
020 _a1439046948 (pbk. : student ed.)
040 _aDLC
_cDLC
050 0 0 _aB29
_b.F45 2011
100 _aFeinberg, Joel
245 0 0 _aReason and responsibility :
_breadings in some basic problems of philosophy /
_c.
250 _a14th ed.
260 _aBoston, MA :
_bWadsworth/Cengage Learning,
_cc2011.
300 _axiv, 702 p. :
_bill. ;
_c24 cm.
504 _aIncludes bibliographical references.
650 0 _aPhilosophy.
700 1 _aShafer-Landau, Russ.
906 _bibc
_corignew
_d3
_eepcn
_f20
_gy-gencatlg
942 _2lcc
_cBK
999 _c37369
_d37369